Final Premier League Table 2021/22 - Statistics

General Stats
  • This quiz has been taken 1,418 times
  • The average score is 16 of 20
Answer Stats
Position Club W D L GD Points % Correct
1 Manchester City 29 6 3 +73 93
100%
2 Liverpool 28 8 2 +68 92
99%
3 Chelsea 21 11 6 +43 74
97%
4 Tottenham Hotspur 22 5 11 +29 71
96%
5 Arsenal 22 3 13 +13 69
94%
6 Manchester United 16 10 12 0 58
93%
7 West Ham United 16 8 14 +9 56
85%
8 Leicester City 14 10 14 +3 52
74%
9 Brighton 12 15 11 -2 51
71%
16 Everton 11 6 21 -23 39
71%
20 Norwich City 5 7 26 -61 22
71%
17 Leeds United 9 11 18 -37 38
70%
11 Newcastle United 13 10 15 -18 49
70%
10 Wolverhampton Wanderers 15 6 17 -5 51
70%
18 Burnley 7 14 17 -19 35
69%
12 Crystal Palace 11 15 12 +4 48
68%
14 Aston Villa 13 6 19 -2 45
67%
15 Southampton 9 13 16 -24 40
65%
19 Watford 6 5 27 -43 23
64%
13 Brentford 13 7 18 -8 46
63%
No matching quizzes found
Score Distribution
Percent of People with Each Score
Percentile by Number Answered
Your Score History
You have not taken this quiz